A step by step introduction to statistics for business (Record no. 86078)

MARC details
000 -LEADER
fixed length control field 00290 a2200109 4500
000 - LEADER
fixed length control field nam a22 7a 4500
020 ## - INTERNATIONAL STANDARD BOOK NUMBER
International Standard Book Number 9781473948112
100 ## - MAIN ENTRY--PERSONAL NAME
Personal name Landers, Richard N.
245 ## - TITLE STATEMENT
Title A step by step introduction to statistics for business
250 ## - EDITION STATEMENT
Edition statement Second edition.
260 ## - PUBLICATION, DISTRIBUTION, ETC.
Name of publisher, distributor, etc. SAGE,
Date of publication, distribution, etc. 2019

No items available.